[Event "Hessen-ch Seniors op 10th"]
[Site "Bad Sooden-Allendorf"]
[Date "2014.04.30"]
[Round "5"]
[White "Aepfler, Gerhard"]
[Black "Kluge, Hans Christof"]
[Result "1/2-1/2"]
[WhiteElo "1922"]
[BlackElo "1680"]
[PlyCount "36"]
[EventDate "2014.04.26"]
[EventType "swiss"]
[EventRounds "9"]
[EventCountry "GER"]
[SourceTitle "EXT 2018"]
[Source "ChessBase"]
[SourceDate "2017.10.13"]
[SourceVersion "1"]
[SourceVersionDate "2017.10.13"]
[SourceQuality "1"]

1. e4 d6 2. d4 Nf6 3. Nc3 g6 4. Bg5 Bg7 5. Qd2 0-0 6. 0-0-0 c6 7. f4 b5 8. e5 Ne8 9. Ne4 d5 10. Nc5 Qc7 11. Be2 a5 12. g4 Na6 13. Nxa6 Rxa6 14. Rf1 f6 15. Bh4 Bd7 16. Bf2 c5 17. dxc5 fxe5 18. f5 d4 1/2-1/2

[Event "Hessen-ch Seniors op 10th"]
[Site "Bad Sooden-Allendorf"]
[Date "2014.04.27"]
[Round "2"]
[White "Luebbers, Doris"]
[Black "Aepfler, Gerhard"]
[Result "1/2-1/2"]
[WhiteElo "1555"]
[BlackElo "1922"]
[PlyCount "32"]
[EventDate "2014.04.26"]
[EventType "swiss"]
[EventRounds "9"]
[EventCountry "GER"]
[SourceTitle "EXT 2018"]
[Source "ChessBase"]
[SourceDate "2017.10.13"]
[SourceVersion "1"]
[SourceVersionDate "2017.10.13"]
[SourceQuality "1"]

1. d4 d5 2. Nf3 Nf6 3. e3 Bg4 4. Be2 Bxf3 5. Bxf3 Nc6 6. b3 e6 7. Bb2 Rg8 8. Nd2 g5 9. g4 Bb4 10. c3 Bd6 11. Qe2 Qd7 12. h3 0-0-0 13. 0-0-0 Qe7 14. Nb1 e5 15. Qc2 e4 16. Be2 a6 1/2-1/2

[Event "Hessen-ch Seniors op 09th"]
[Site "Bad Sooden-Allendorf"]
[Date "2013.04.24"]
[Round "5"]
[White "Bill, Eugen"]
[Black "Aepfler, Gerhard"]
[Result "0-1"]
[WhiteElo "1886"]
[BlackElo "1920"]
[PlyCount "48"]
[EventDate "2013.04.20"]
[EventType "swiss"]
[EventRounds "9"]
[EventCountry "GER"]
[SourceTitle "EXT 2019"]
[Source "ChessBase"]
[SourceDate "2018.10.10"]
[SourceVersion "1"]
[SourceVersionDate "2018.10.10"]
[SourceQuality "1"]

1. d4 d5 2. c4 e5 3. dxe5 d4 4. Nf3 Nc6 5. a3 f6 6. exf6 Nxf6 7. Bg5 h6 8. Bc1 Bg4 9. Nbd2 a5 10. g3 Bc5 11. Bg2 0-0 12. 0-0 Qe8 13. Nb3 Ba7 14. Qc2 Qh5 15. Bf4 Bf5 16. Qd1 Rac8 17. Nbd2 g5 18. Be5 Ng4 19. h3 Ngxe5 20. Nxe5 Nxe5 21. g4 Bxg4 22. hxg4 Nxg4 23. Bd5+ Kg7 24. Nf3 Rxf3 0-1

[Event "Hessen-ch Seniors op 09th"]
[Site "Bad Sooden-Allendorf"]
[Date "2013.04.23"]
[Round "4"]
[White "Aepfler, Gerhard"]
[Black "Hespers, Rolf"]
[Result "1/2-1/2"]
[WhiteElo "1920"]
[BlackElo "1763"]
[PlyCount "27"]
[EventDate "2013.04.20"]
[EventType "swiss"]
[EventRounds "9"]
[EventCountry "GER"]
[SourceTitle "EXT 2019"]
[Source "ChessBase"]
[SourceDate "2018.10.10"]
[SourceVersion "1"]
[SourceVersionDate "2018.10.10"]
[SourceQuality "1"]

1. e4 c5 2. Nf3 Nc6 3. d4 cxd4 4. Nxd4 e5 5. Nxc6 dxc6 6. Qxd8+ Kxd8 7. Bc4 f6 8. Bxg8 Rxg8 9. 0-0 Bc5 10. Nc3 a6 11. Na4 Ba7 12. Be3 Bxe3 13. fxe3 Kc7 14. c4 1/2-1/2

[Event "Hessen-ch Seniors op 09th"]
[Site "Bad Sooden-Allendorf"]
[Date "2013.04.20"]
[Round "1"]
[White "Schmidt, Gerhard3"]
[Black "Aepfler, Gerhard"]
[Result "1-0"]
[WhiteElo "2222"]
[BlackElo "1920"]
[PlyCount "39"]
[EventDate "2013.04.20"]
[EventType "swiss"]
[EventRounds "9"]
[EventCountry "GER"]
[SourceTitle "EXT 2019"]
[Source "ChessBase"]
[SourceDate "2018.10.10"]
[SourceVersion "1"]
[SourceVersionDate "2018.10.10"]
[SourceQuality "1"]

1. d4 d5 2. c4 e5 3. dxe5 d4 4. Nf3 Nc6 5. a3 Bg4 6. Nbd2 f6 7. exf6 Nxf6 8. Qb3 Rb8 9. g3 Be7 10. Bg2 Nd7 11. 0-0 Nc5 12. Qd1 a5 13. b4 axb4 14. axb4 Ne6 15. b5 Nb4 16. Nb3 Bxf3 17. Bxf3 0-0 18. Ba3 c5 19. Bxb4 cxb4 20. Bd5 1-0

[Event "Hessen-ch Seniors op 08th"]
[Site "Bad Sooden-Allendorf"]
[Date "2012.04.18"]
[Round "5"]
[White "Preiss, Gerhard"]
[Black "Aepfler, Gerhard"]
[Result "1/2-1/2"]
[WhiteElo "1829"]
[BlackElo "1965"]
[PlyCount "46"]
[EventDate "2012.04.14"]
[EventType "swiss"]
[EventRounds "9"]
[EventCountry "GER"]
[SourceTitle "EXT 2019"]
[Source "ChessBase"]
[SourceDate "2018.10.10"]
[SourceVersion "1"]
[SourceVersionDate "2018.10.10"]
[SourceQuality "1"]

1. c4 e5 2. Nc3 Nf6 3. g3 d5 4. cxd5 Nxd5 5. Bg2 Nb6 6. e3 Nc6 7. Nge2 Be7 8. 0-0 Bg4 9. f3 Be6 10. d4 Bc4 11. Re1 0-0 12. b3 Bxe2 13. Nxe2 Bb4 14. Rf1 Re8 15. a3 Be7 16. Bb2 Bf6 17. dxe5 Nxe5 18. Kh1 Qe7 19. e4 Rad8 20. Qc2 Nd3 21. Bxf6 gxf6 22. Nf4 Nxf4 23. gxf4 Qd6 1/2-1/2

[Event "Hessen-ch Seniors op 08th"]
[Site "Bad Sooden-Allendorf"]
[Date "2012.04.16"]
[Round "3"]
[White "Freerksen, Uwe"]
[Black "Aepfler, Gerhard"]
[Result "1/2-1/2"]
[WhiteElo "1586"]
[BlackElo "1965"]
[PlyCount "36"]
[EventDate "2012.04.14"]
[EventType "swiss"]
[EventRounds "9"]
[EventCountry "GER"]
[SourceTitle "EXT 2019"]
[Source "ChessBase"]
[SourceDate "2018.10.10"]
[SourceVersion "1"]
[SourceVersionDate "2018.10.10"]
[SourceQuality "1"]

1. e4 Nc6 2. Nc3 e5 3. Nf3 f5 4. d3 Nf6 5. Bg5 Bb4 6. a3 Bxc3+ 7. bxc3 b6 8. Bxf6 Qxf6 9. Be2 0-0 10. 0-0 d6 11. Qc1 f4 12. h3 g5 13. Nh2 Ne7 14. c4 Ng6 15. Qd1 Qg7 16. Kh1 Kh8 17. a4 Bd7 18. Rg1 Rf7 1/2-1/2

[Event "Hessen-ch Seniors op 07th"]
[Site "Bad Sooden-Allendorf"]
[Date "2011.05.05"]
[Round "6"]
[White "Aepfler, Gerhard"]
[Black "Hopp, Barbara"]
[Result "1/2-1/2"]
[WhiteElo "1711"]
[BlackElo "1518"]
[PlyCount "50"]
[EventDate "2011.04.30"]
[EventType "swiss"]
[EventRounds "9"]
[EventCountry "GER"]
[SourceTitle "EXT 2012"]
[Source "ChessBase"]
[SourceDate "2011.11.24"]
[SourceVersion "1"]
[SourceVersionDate "2011.11.24"]
[SourceQuality "1"]

1. e4 c5 2. Nf3 a6 3. d4 cxd4 4. Nxd4 e6 5. Nc3 Nc6 6. Be3 Be7 7. Be2 Nf6 8. 0-0 0-0 9. f4 Bc5 10. Kh1 Nxd4 11. Bxd4 Bxd4 12. Qxd4 b5 13. e5 Ne8 14. Ne4 Bb7 15. Bf3 Qc7 16. Rac1 Bc6 17. c4 Qa7 18. c5 f6 19. exf6 Nxf6 20. Nxf6+ Rxf6 21. Bxc6 dxc6 22. Qd6 Rc8 23. Rce1 Qf7 24. g3 a5 25. Re5 Qc7 1/2-1/2

[Event "Hessen-ch Seniors op 07th"]
[Site "Bad Sooden-Allendorf"]
[Date "2011.05.04"]
[Round "5"]
[White "Samarian, Cornel"]
[Black "Aepfler, Gerhard"]
[Result "1/2-1/2"]
[WhiteElo "1575"]
[BlackElo "1711"]
[PlyCount "54"]
[EventDate "2011.04.30"]
[EventType "swiss"]
[EventRounds "9"]
[EventCountry "GER"]
[SourceTitle "EXT 2012"]
[Source "ChessBase"]
[SourceDate "2011.11.24"]
[SourceVersion "1"]
[SourceVersionDate "2011.11.24"]
[SourceQuality "1"]

1. d4 d5 2. Nf3 Nf6 3. g3 c5 4. dxc5 Nc6 5. e3 e5 6. Be2 Bxc5 7. 0-0 Bh3 8. Re1 0-0 9. Nh4 e4 10. Nd2 Qe7 11. Ng2 Bxg2 12. Kxg2 Rad8 13. c3 h6 14. Nb3 Bb6 15. Nd4 Nxd4 16. cxd4 Nh7 17. Bd2 g5 18. Qb3 f5 19. Bb4 Qe6 20. Bxf8 Rxf8 21. Rad1 g4 22. Rh1 Ng5 23. Rc1 Rd8 24. Rc2 Qf7 25. Kf1 h5 26. Ke1 Qh7 27. Kd1 h4 1/2-1/2

[Event "Hessen-ch Seniors op 07th"]
[Site "Bad Sooden-Allendorf"]
[Date "2011.05.01"]
[Round "2"]
[White "Aepfler, Gerhard"]
[Black "Schneider, Hans"]
[Result "1/2-1/2"]
[WhiteElo "1711"]
[BlackElo "1475"]
[PlyCount "24"]
[EventDate "2011.04.30"]
[EventType "swiss"]
[EventRounds "9"]
[EventCountry "GER"]
[SourceTitle "EXT 2012"]
[Source "ChessBase"]
[SourceDate "2011.11.24"]
[SourceVersion "1"]
[SourceVersionDate "2011.11.24"]
[SourceQuality "1"]

1. e4 c5 2. Nf3 Nc6 3. d4 cxd4 4. Nxd4 g6 5. Be3 Bg7 6. Nxc6 bxc6 7. Bd4 Bxd4 8. Qxd4 Nf6 9. e5 Nd5 10. c4 Nc7 11. e6 f6 12. exd7+ Qxd7 1/2-1/2

[Event "Hessen-ch Seniors op 07th"]
[Site "Bad Sooden-Allendorf"]
[Date "2011.04.30"]
[Round "1"]
[White "Ljubarskij, Jurij"]
[Black "Aepfler, Gerhard"]
[Result "1-0"]
[WhiteElo "2150"]
[BlackElo "1711"]
[PlyCount "69"]
[EventDate "2011.04.30"]
[EventType "swiss"]
[EventRounds "9"]
[EventCountry "GER"]
[SourceTitle "EXT 2012"]
[Source "ChessBase"]
[SourceDate "2011.11.24"]
[SourceVersion "1"]
[SourceVersionDate "2011.11.24"]
[SourceQuality "1"]

1. e4 e5 2. Nf3 d5 3. exd5 e4 4. Qe2 Nf6 5. d3 Qxd5 6. Nfd2 Be7 7. dxe4 Qd8 8. Qd3 Nbd7 9. Be2 0-0 10. 0-0 c6 11. Nc3 Qc7 12. Qg3 Bd6 13. f4 b5 14. e5 Bc5+ 15. Kh1 Nd5 16. Nxd5 cxd5 17. Bxb5 Rb8 18. Bd3 f6 19. e6 Nb6 20. f5 Bd6 21. Qh4 Bb7 22. Nf3 Nc4 23. b3 Ne5 24. Nxe5 Bxe5 25. Bf4 Bxf4 26. Qxf4 Qe7 27. Rad1 Rbc8 28. Qd4 Ba8 29. a4 Rfd8 30. b4 Rd6 31. b5 Qc7 32. Rfe1 Re8 33. Bc4 Qb7 34. Bb3 Re7 35. Rd2 1-0

[Event "Hessen-ch Seniors op 05th"]
[Site "Bad Sooden-Allendorf"]
[Date "2009.04.30"]
[Round "6"]
[White "Filbry, Lothar"]
[Black "Aepfler, Gerhard"]
[Result "1/2-1/2"]
[WhiteElo "1609"]
[BlackElo "1706"]
[PlyCount "56"]
[EventDate "2009.04.25"]
[EventType "swiss"]
[EventRounds "9"]
[EventCountry "GER"]
[SourceTitle "EXT 2022"]
[Source "ChessBase"]
[SourceDate "2021.10.06"]
[SourceVersion "1"]
[SourceVersionDate "2021.10.06"]
[SourceQuality "1"]

1. c4 e5 2. Nc3 f5 3. e3 Nf6 4. Be2 c5 5. d3 Be7 6. Nf3 Nc6 7. 0-0 0-0 8. a3 a5 9. Qc2 d6 10. e4 f4 11. Nd5 Nxd5 12. cxd5 Nd4 13. Nxd4 cxd4 14. Qd1 Qe8 15. Bd2 Qg6 16. Kh1 Bd7 17. Bh5 Qg5 18. h3 g6 19. Bg4 Bxg4 20. Qxg4 Qxg4 21. hxg4 f3 22. Kh2 b6 23. Rac1 fxg2 24. Kxg2 Rac8 25. f4 exf4 26. Rxf4 Rxc1 27. Rxf8+ Kxf8 28. Bxc1 Ke8 1/2-1/2

[Event "Hessen-ch Seniors op 05th"]
[Site "Bad Sooden-Allendorf"]
[Date "2009.04.28"]
[Round "4"]
[White "Fuchs, Manfred1"]
[Black "Aepfler, Gerhard"]
[Result "1/2-1/2"]
[WhiteElo "1541"]
[BlackElo "1706"]
[PlyCount "35"]
[EventDate "2009.04.25"]
[EventType "swiss"]
[EventRounds "9"]
[EventCountry "GER"]
[SourceTitle "EXT 2022"]
[Source "ChessBase"]
[SourceDate "2021.10.06"]
[SourceVersion "1"]
[SourceVersionDate "2021.10.06"]
[SourceQuality "1"]

1. d4 d5 2. c4 e5 3. dxe5 d4 4. e3 Bb4+ 5. Bd2 dxe3 6. fxe3 Nc6 7. Nf3 Nh6 8. Nc3 Ng4 9. a3 Be7 10. Nd5 Ngxe5 11. Be2 Nxf3+ 12. Bxf3 Ne5 13. Be2 c6 14. Nxe7 Qxe7 15. 0-0 0-0 16. Qc2 Bg4 17. Bxg4 Nxg4 18. Rf3 1/2-1/2

[Event "Hessen-ch Seniors op 05th"]
[Site "Bad Sooden-Allendorf"]
[Date "2009.04.26"]
[Round "2"]
[White "Johannsen, Ingbert"]
[Black "Aepfler, Gerhard"]
[Result "1-0"]
[WhiteElo "1900"]
[BlackElo "1706"]
[PlyCount "35"]
[EventDate "2009.04.25"]
[EventType "swiss"]
[EventRounds "9"]
[EventCountry "GER"]
[SourceTitle "EXT 2022"]
[Source "ChessBase"]
[SourceDate "2021.10.06"]
[SourceVersion "1"]
[SourceVersionDate "2021.10.06"]
[SourceQuality "1"]

1. e4 e5 2. Nc3 Bc5 3. f4 Bxg1 4. Rxg1 Qh4+ 5. g3 Qxh2 6. Rg2 Qh6 7. fxe5 Qg6 8. d4 Nh6 9. Be2 c6 10. Bf4 d6 11. exd6 Bg4 12. Qd2 Bxe2 13. Rxe2 Ng4 14. 0-0-0 0-0 15. d5 Nd7 16. e5 Rfe8 17. Rde1 Nb6 18. e6 1-0

[Event "Hessen-ch Seniors op 04th"]
[Site "Bad Sooden-Allendorf"]
[Date "2008.04.30"]
[Round "7"]
[White "Kopp, Peter"]
[Black "Aepfler, Gerhard"]
[Result "1-0"]
[WhiteElo "1996"]
[BlackElo "1775"]
[PlyCount "97"]
[EventDate "2008.04.24"]
[EventType "swiss"]
[EventRounds "9"]
[EventCountry "GER"]
[SourceTitle "EXT 2022"]
[Source "ChessBase"]
[SourceDate "2021.10.06"]
[SourceVersion "1"]
[SourceVersionDate "2021.10.06"]
[SourceQuality "1"]

1. Nf3 d5 2. g3 c5 3. Bg2 Nc6 4. d3 Nf6 5. Nbd2 e5 6. e4 dxe4 7. dxe4 Be7 8. 0-0 Qc7 9. Re1 Bg4 10. h3 Bxf3 11. Bxf3 Rd8 12. c3 0-0 13. Bg2 Rd7 14. Qc2 Rfd8 15. a4 Na5 16. b3 Rd6 17. Bf1 Qd7 18. Nf3 Qe6 19. Rb1 Ne8 20. Kh2 Rb6 21. Nd2 Nd6 22. Ba3 Rc8 23. h4 Qf6 24. Nc4 Naxc4 25. bxc4 Rxb1 26. Rxb1 g5 27. Bh3 Rc7 28. hxg5 Qxg5 29. Qd3 Qh6 30. Bc1 Qg6 31. f3 Bf8 32. Be3 b6 33. Rd1 f6 34. Qd5+ Kg7 35. Qe6 Ne8 36. Rd8 Re7 37. Rd7 Qf7 38. Bh6+ Kg8 39. Rxe7 Bxe7 40. Qd7 Ng7 41. Qxa7 Bd8 42. Qa8 Qe7 43. Qd5+ Kh8 44. Be3 Qc7 45. Bd7 Be7 46. Bh6 Qd8 47. g4 Qg8 48. Bc6 Ne6 49. Qd7 1-0

[Event "Hessen-ch Seniors op 04th"]
[Site "Bad Sooden-Allendorf"]
[Date "2008.04.28"]
[Round "5"]
[White "Alefs, Heinz"]
[Black "Aepfler, Gerhard"]
[Result "0-1"]
[WhiteElo "1672"]
[BlackElo "1775"]
[PlyCount "54"]
[EventDate "2008.04.24"]
[EventType "swiss"]
[EventRounds "9"]
[EventCountry "GER"]
[SourceTitle "EXT 2022"]
[Source "ChessBase"]
[SourceDate "2021.10.06"]
[SourceVersion "1"]
[SourceVersionDate "2021.10.06"]
[SourceQuality "1"]

1. d4 d5 2. Nf3 c5 3. c3 Nf6 4. Nbd2 Nc6 5. e3 Bg4 6. h3 Bh5 7. Bb5 e6 8. Qa4 Qb6 9. Ne5 Rc8 10. dxc5 Bxc5 11. Nb3 0-0 12. Bxc6 bxc6 13. g4 Bd6 14. gxh5 Bxe5 15. Qh4 Ne4 16. f4 Bf6 17. Qg4 c5 18. Nd2 Nxd2 19. Kxd2 d4 20. e4 dxc3+ 21. bxc3 Rfd8+ 22. Kc2 Qc6 23. Qf3 Qa4+ 24. Kb1 Rb8+ 25. Bb2 Rxb2+ 26. Kxb2 Rd2+ 27. Kb1 Qc2# 0-1

[Event "Hessen-ch Seniors op 04th"]
[Site "Bad Sooden-Allendorf"]
[Date "2008.04.27"]
[Round "4"]
[White "Aepfler, Gerhard"]
[Black "Schmieder, Wolfgang Ernst"]
[Result "1/2-1/2"]
[WhiteElo "1775"]
[BlackElo "1640"]
[PlyCount "24"]
[EventDate "2008.04.24"]
[EventType "swiss"]
[EventRounds "9"]
[EventCountry "GER"]
[SourceTitle "EXT 2022"]
[Source "ChessBase"]
[SourceDate "2021.10.06"]
[SourceVersion "1"]
[SourceVersionDate "2021.10.06"]
[SourceQuality "1"]

1. e4 c5 2. Nf3 d6 3. d4 cxd4 4. Nxd4 Nf6 5. Nc3 a6 6. Be3 b5 7. a4 b4 8. Nd5 Nxe4 9. Qf3 Nc5 10. Bc4 Bb7 11. Qg3 Nbd7 12. Nb3 Ne4 1/2-1/2

[Event "Hessen-ch Seniors op 04th"]
[Site "Bad Sooden-Allendorf"]
[Date "2008.04.25"]
[Round "2"]
[White "Aepfler, Gerhard"]
[Black "Klose, Hans Peter"]
[Result "1-0"]
[WhiteElo "1775"]
[BlackElo "1484"]
[PlyCount "37"]
[EventDate "2008.04.24"]
[EventType "swiss"]
[EventRounds "9"]
[EventCountry "GER"]
[SourceTitle "EXT 2022"]
[Source "ChessBase"]
[SourceDate "2021.10.06"]
[SourceVersion "1"]
[SourceVersionDate "2021.10.06"]
[SourceQuality "1"]

1. e4 c5 2. Nf3 Nc6 3. d4 cxd4 4. Nxd4 Nf6 5. Nc3 g6 6. Nxc6 bxc6 7. e5 Ng8 8. Bc4 Qa5 9. Qe2 Bg7 10. f4 e6 11. Bd2 Qd8 12. Ne4 Bf8 13. Bc3 Be7 14. 0-0-0 f6 15. Nd6+ Bxd6 16. Rxd6 Rb8 17. Bxe6 f5 18. Bxd7+ Bxd7 19. e6 1-0

[Event "Hessen-ch Seniors op 03rd"]
[Site "Bad Sooden-Allendorf"]
[Date "2007.05.05"]
[Round "8"]
[White "Aepfler, Gerhard"]
[Black "Kies, Werner"]
[Result "1-0"]
[WhiteElo "1800"]
[BlackElo "1964"]
[PlyCount "109"]
[EventDate "2007.04.27"]
[EventType "swiss"]
[EventRounds "9"]
[EventCountry "GER"]
[SourceTitle "EXT 2022"]
[Source "ChessBase"]
[SourceDate "2021.10.06"]
[SourceVersion "1"]
[SourceVersionDate "2021.10.06"]
[SourceQuality "1"]

1. e4 c5 2. Nf3 e6 3. d4 cxd4 4. Nxd4 a6 5. Nc3 Qc7 6. Be2 Nf6 7. 0-0 Nc6 8. Nxc6 bxc6 9. Bg5 Bd6 10. f4 h6 11. Bxf6 gxf6 12. Qd2 Rb8 13. Bh5 Rxb2 14. e5 Bc5+ 15. Kh1 Bb4 16. Qd3 f5 17. Na4 Rxc2 18. Qxc2 Qa5 19. Rab1 Rg8 20. Bf3 Kf8 21. Rfd1 Kg7 22. Nb6 Qxb6 23. a3 a5 24. axb4 axb4 25. Qb3 c5 26. Rd6 Qa7 27. Rc1 Kh7 28. Qe3 Qa2 29. Qxc5 b3 30. Rdd1 b2 31. Rb1 Ba6 32. Qd4 Rb8 33. Qxd7 Kg7 34. Qd2 Rb3 35. Qc2 Qa3 36. Be2 Bb7 37. Rd3 Rxd3 38. Bxd3 Bd5 39. Rxb2 Qa1+ 40. Rb1 Qd4 41. Rf1 Qb4 42. Qf2 Qe7 43. Rb1 Kh7 44. Be2 Be4 45. Re1 Qb4 46. Rf1 Qa4 47. Qe3 Bd5 48. Bf3 Bc4 49. Rc1 Bb5 50. g4 Qb4 51. gxf5 exf5 52. e6 Qe7 53. Qc5 Qxe6 54. Qxb5 Qe3 55. Qxf5+ 1-0

[Event "Hessen-ch Seniors op 03rd"]
[Site "Bad Sooden-Allendorf"]
[Date "2007.04.30"]
[Round "3"]
[White "Kahn, Peter"]
[Black "Aepfler, Gerhard"]
[Result "1-0"]
[WhiteElo "1942"]
[BlackElo "1800"]
[PlyCount "96"]
[EventDate "2007.04.27"]
[EventType "swiss"]
[EventRounds "9"]
[EventCountry "GER"]
[SourceTitle "EXT 2022"]
[Source "ChessBase"]
[SourceDate "2021.10.06"]
[SourceVersion "1"]
[SourceVersionDate "2021.10.06"]
[SourceQuality "1"]

1. d4 d5 2. Nf3 c5 3. e3 Nf6 4. c3 e6 5. Bd3 Nc6 6. Nbd2 Bd6 7. 0-0 Qc7 8. dxc5 Bxc5 9. e4 dxe4 10. Nxe4 Be7 11. Nxf6+ Bxf6 12. Bg5 Qe7 13. Bxf6 Qxf6 14. Qe2 g5 15. Rfe1 h5 16. Ne5 Nxe5 17. Qxe5 Qxe5 18. Rxe5 f6 19. Rb5 b6 20. Be4 Rb8 21. Re1 Kf7 22. Rd1 Ke7 23. Rb4 Bb7 24. Bxb7 Rxb7 25. Rbd4 Rc8 26. Kf1 Rc5 27. Rd8 Rd5 28. R8xd5 exd5 29. Rxd5 Ke6 30. Rd4 Kf5 31. Ke2 Re7+ 32. Kd2 h4 33. h3 Kg6 34. a4 Kf5 35. b4 Ke5 36. Rd3 Rc7 37. Rd8 Kf4 38. Kd3 Re7 39. Rd4+ Kf5 40. c4 Re1 41. c5 bxc5 42. bxc5 Re7 43. Kc4 Rc7 44. Kb5 Ke6 45. c6 Ke7 46. Kc5 f5 47. a5 Ke6 48. a6 Ke7 1-0

[Event "Hessen-ch Seniors op 01st"]
[Site "Bad Sooden-Allendorf"]
[Date "2005.04.26"]
[Round "5"]
[White "Kleist, Werner"]
[Black "Aepfler, Gerhard"]
[Result "0-1"]
[WhiteElo "1665"]
[BlackElo "1750"]
[PlyCount "82"]
[EventDate "2005.04.22"]
[EventType "swiss"]
[EventRounds "9"]
[EventCountry "GER"]
[SourceTitle "EXT 2007"]
[Source "ChessBase"]
[SourceDate "2006.11.23"]
[SourceVersion "1"]
[SourceVersionDate "2006.11.23"]
[SourceQuality "1"]

1. b4 e6 2. b5 c5 3. Bb2 d5 4. e3 Nf6 5. c4 b6 6. Nf3 Bb7 7. Be2 Nbd7 8. d3 Bd6 9. Nbd2 Qc7 10. h3 Rd8 11. a4 0-0 12. Bc3 e5 13. 0-0 Rfe8 14. a5 e4 15. a6 exf3 16. Nxf3 Ba8 17. Qc2 dxc4 18. dxc4 Be4 19. Qb2 Bxf3 20. Bxf3 Be5 21. Bc6 Rf8 22. Rad1 Bxc3 23. Qxc3 Ne5 24. Bb7 Ng6 25. Bc6 Qe5 26. Qc2 Qe7 27. Qc1 Ne5 28. Bb7 Rxd1 29. Rxd1 Rd8 30. f4 Rxd1+ 31. Qxd1 Nxc4 32. e4 Qd7 33. Qb3 Qd4+ 34. Kh1 Nxe4 35. Qc2 Ng3+ 36. Kh2 Ne3 37. Qf2 Nef1+ 38. Kg1 Qd1 39. Bf3 Qc1 40. Be2 Nxe2+ 41. Kh1 Nfg3+ 0-1

[Event "Hessen-ch Seniors op 01st"]
[Site "Bad Sooden-Allendorf"]
[Date "2005.04.25"]
[Round "4"]
[White "Aepfler, Gerhard"]
[Black "Beikirch, Heinz"]
[Result "0-1"]
[WhiteElo "1750"]
[BlackElo "1715"]
[PlyCount "52"]
[EventDate "2005.04.22"]
[EventType "swiss"]
[EventRounds "9"]
[EventCountry "GER"]
[SourceTitle "EXT 2007"]
[Source "ChessBase"]
[SourceDate "2006.11.23"]
[SourceVersion "1"]
[SourceVersionDate "2006.11.23"]
[SourceQuality "1"]

1. e4 e5 2. Nf3 Nc6 3. d4 exd4 4. Bc4 Nf6 5. 0-0 Nxe4 6. Re1 d5 7. Bxd5 Qxd5 8. Nc3 Qa5 9. Rxe4+ Be6 10. Ne2 0-0-0 11. Bd2 Qd5 12. Ng3 Bd6 13. Re1 Bxg3 14. fxg3 Bg4 15. h3 Bh5 16. g4 Bg6 17. b4 Rhe8 18. h4 Ne5 19. Nxe5 Rxe5 20. Bf4 Re4 21. Rf1 Qc4 22. Rf2 Rde8 23. Rc1 Re2 24. Qf1 Bxc2 25. Bd2 d3 26. Rf4 Qe6 0-1

[Event "Bad Sooden-Allendorf Seniors op 16th"]
[Site "Bad Sooden-Allendorf"]
[Date "2004.04.25"]
[Round "4"]
[White "Bomert, Egon"]
[Black "Aepfler, Gerhard"]
[Result "1/2-1/2"]
[WhiteElo "2115"]
[BlackElo "1751"]
[PlyCount "122"]
[EventDate "2004.04.22"]
[EventType "swiss"]
[EventRounds "9"]
[EventCountry "GER"]
[SourceTitle "EXT 2006"]
[Source "ChessBase"]
[SourceDate "2005.11.24"]
[SourceVersion "1"]
[SourceVersionDate "2005.11.24"]
[SourceQuality "1"]

1. c4 e5 2. g3 c6 3. Bg2 d5 4. cxd5 cxd5 5. Qb3 Nf6 6. Nc3 e4 7. f3 e3 8. dxe3 Nc6 9. f4 Bb4 10. Bd2 0-0 11. Nf3 Re8 12. Nd4 Nxd4 13. exd4 Bxc3 14. bxc3 Bf5 15. Bf3 Ne4 16. Rd1 Bh3 17. Bxe4 Rxe4 18. Kf2 Qe7 19. Rde1 Re8 20. e3 Qd7 21. Rb1 b6 22. a4 Qf5 23. Rbe1 h5 24. c4 dxc4 25. Qxc4 Rc8 26. Qb3 Kh7 27. Rc1 Ree8 28. Rhe1 Qe4 29. Qb1 Qxb1 30. Rxb1 Rc2 31. Ke2 Bg4+ 32. Kd3 Ra2 33. Rb4 Rc8 34. Rc1 Be2+ 35. Ke4 Re8+ 36. Kd5 Rxd2 37. Rc3 Bf3+ 38. Kd6 Re6+ 39. Kd7 Bg4 40. Kc7 Re2 41. Rbb3 Rxh2 42. d5 Re7+ 43. Kd6 Rd7+ 44. Kc6 h4 45. e4 hxg3 46. Rxg3 Rh6+ 47. Kb5 Be2+ 48. Kb4 f5 49. Rbe3 a5+ 50. Kc3 Bg4 51. Kd4 Rhd6 52. Ke5 g6 53. Rc3 fxe4 54. Rxg4 Rxd5+ 55. Kxe4 Rd4+ 56. Ke5 R7d5+ 57. Ke6 Rd6+ 58. Ke7 Rd7+ 59. Kf6 R4d6+ 60. Kg5 Rf7 61. Rh4+ Kg7 1/2-1/2

[Event "Bad Sooden-Allendorf Seniors op 15th"]
[Site "Bad Sooden-Allendorf"]
[Date "2003.05.05"]
[Round "7"]
[White "Fritsch, Wolfgang"]
[Black "Aepfler, Gerhard"]
[Result "1/2-1/2"]
[WhiteElo "1700"]
[BlackElo "1791"]
[PlyCount "27"]
[EventDate "2003.05.??"]
[EventType "swiss"]
[EventRounds "9"]
[EventCountry "GER"]
[SourceTitle "EXT 2006"]
[Source "ChessBase"]
[SourceDate "2005.11.24"]
[SourceVersion "1"]
[SourceVersionDate "2005.11.24"]
[SourceQuality "1"]

1. e4 e5 2. Nf3 d5 3. d4 dxe4 4. Nxe5 Bd6 5. Nc4 Nf6 6. Be2 0-0 7. 0-0 Nc6 8. Be3 Nd5 9. Nc3 Nxc3 10. bxc3 f5 11. f4 exf3 12. Bxf3 f4 13. Bd5+ Kh8 14. Bxc6 1/2-1/2

[Event "Bad Sooden-Allendorf Seniors op 14th"]
[Site "Bad Sooden-Allendorf"]
[Date "2002.04.30"]
[Round "9"]
[White "Aepfler, Gerhard"]
[Black "Schneidereit, Manfred"]
[Result "1/2-1/2"]
[WhiteElo "1829"]
[BlackElo "1541"]
[PlyCount "39"]
[EventDate "2002.04.??"]
[EventType "swiss"]
[EventRounds "9"]
[EventCountry "GER"]
[SourceTitle "EXT 2006"]
[Source "ChessBase"]
[SourceDate "2005.11.24"]
[SourceVersion "1"]
[SourceVersionDate "2005.11.24"]
[SourceQuality "1"]

1. e4 e5 2. Nf3 Nc6 3. d4 exd4 4. Bc4 h6 5. 0-0 Nf6 6. e5 Nh7 7. c3 d5 8. exd6 Bxd6 9. Re1+ Ne7 10. cxd4 0-0 11. Nc3 c6 12. Be3 Qc7 13. Ne4 Bg4 14. h3 Bh5 15. g4 Bg6 16. Nxd6 Qxd6 17. Ne5 Nf6 18. Bf4 Qd8 19. Bg3 Nfd5 20. Bd3 1/2-1/2